000 00459nam a2200169Ia 4500
005 20250423101736.0
008 250422s9999 xx 000 0 und d
020 _a9780357141878
050 _aJZ 1242 .B53/
100 _aBlanton, Shannon L.
245 0 _aWorld politics: trend and transformation
250 _a17th ed.
260 _bCENGAGE
260 _c2021
650 _a International relations--Textbooks. World politics--Textbooks.
942 _cBK
999 _c37141
_d37141